[Event "Montigny le Bretonneux op 21st"]
[Site "Montigny le Bretonneux"]
[Date "2023.10.27"]
[Round "7"]
[White "Benhadid, Jeilynn"]
[Black "Lefol, Marius"]
[Result "1/2-1/2"]
[WhiteElo "1504"]
[BlackElo "1717"]
[PlyCount "136"]
[EventDate "2023.10.21"]
[EventType "swiss"]
[EventRounds "7"]
[EventCountry "FRA"]
[SourceTitle "Mega2024 Update 01"]
[Source "Chessbase"]
[SourceDate "2023.11.12"]
[SourceVersion "1"]
[SourceVersionDate "2023.11.12"]
[SourceQuality "1"]

1. d4 d5 2. c4 e6 3. Nf3 Nf6 4. Nc3 Be7 5. Bf4 0-0 6. e3 Nbd7 7. Bd3 dxc4 8. Bxc4 a6 9. 0-0 b5 10. Bd3 c5 11. dxc5 Nxc5 12. Bc2 Bb7 13. Qe2 Qb6 14. a3 Nd5 15. Nxd5 Bxd5 16. Nd2 f5 17. Be5 Nd7 18. Bd4 Qd6 19. f4 Rac8 20. Rac1 Bb7 21. Bb3 Kh8 22. Nf3 Bxf3 23. Qxf3 Bf6 24. Rcd1 Qe7 25. Qh3 Nc5 26. Bxc5 Rxc5 27. Rd2 Rfc8 28. Rfd1 Rc1 29. Qf3 Rxd1+ 30. Qxd1 Qc5 31. Rd3 e5 32. Rc3 Qf8 33. Rxc8 Qxc8 34. Qd2 exf4 35. exf4 Qc5+ 36. Kf1 Qd4 37. Qxd4 Bxd4 38. a4 Bxb2 39. axb5 axb5 40. Ke2 g6 41. Kf3 b4 42. g4 fxg4+ 43. Kxg4 Bf6 44. h4 h5+ 45. Kg3 Kg7 46. Bc2 Bc3 47. f5 Be1+ 48. Kh3 gxf5 49. Bxf5 b3 50. Bb1 b2 51. Bc2 Kf6 52. Bb1 Ke5 53. Bg6 Kd4 54. Bh7 Kc3 55. Bg6 Kd2 56. Bh7 Kc1 57. Bg6 b1Q 58. Bxb1 Kxb1 59. Kg2 Kc2 60. Kh2 Kd2 61. Kg2 Ke2 62. Kh1 Bxh4 63. Kh2 Kf2 64. Kh1 Kg3 65. Kg1 Bd8 66. Kh1 h4 67. Kg1 Bb6+ 68. Kh1 h3 1/2-1/2

[Event "Montigny le Bretonneux op 21st"]
[Site "Montigny le Bretonneux"]
[Date "2023.10.21"]
[Round "1"]
[White "Aidan, David"]
[Black "Benhadid, Jeilynn"]
[Result "0-1"]
[WhiteElo "1181"]
[BlackElo "1504"]
[PlyCount "84"]
[EventDate "2023.10.21"]
[EventType "swiss"]
[EventRounds "7"]
[EventCountry "FRA"]
[SourceTitle "Mega2024 Update 01"]
[Source "Chessbase"]
[SourceDate "2023.11.12"]
[SourceVersion "1"]
[SourceVersionDate "2023.11.12"]
[SourceQuality "1"]

1. e4 c5 2. d4 cxd4 3. c3 dxc3 4. Nxc3 Nc6 5. Nf3 e6 6. Bc4 Qc7 7. 0-0 Nf6 8. Qe2 Ng4 9. Rd1 Bc5 10. Be3 Nxe3 11. fxe3 0-0 12. Rac1 a6 13. Bb3 Ba7 14. Kh1 b5 15. Nd5 exd5 16. exd5 Qb6 17. dxc6 dxc6 18. e4 c5 19. Bc2 Bb7 20. Ne5 Rfe8 21. Nd7 Qe6 22. e5 Bd5 23. Be4 Bxe4 24. Qxe4 c4 25. Rd6 Qxd6 26. Qxa8 Qxd7 27. Qe4 Qd4 28. Qb7 Qb6 29. Qe4 Qe3 30. Qc2 Qxe5 31. Qd1 Bd4 32. b3 Bb2 33. Rb1 cxb3 34. axb3 Bc3 35. h3 Qe1+ 36. Qxe1 Rxe1+ 37. Rxe1 Bxe1 38. Kg1 a5 39. Kf1 Bc3 40. Ke2 a4 41. bxa4 bxa4 42. Kd1 a3 0-1